In questi giorni sono fuori di me : memoir /

Salvato in:
Dettagli Bibliografici
Autore principale: Kilmer-Purcell, Josh (Autore)
Altri autori: Santi, Flavio, (1973- )
Natura: Libro
Lingua:italiano
Pubblicazione: Milano : Baldini Castoldi, [2008]
Serie:Icone ; 13
Tags: Aggiungi Tag
Nessun Tag, puoi essere il primo ad aggiungerne!!

MARC

LEADER 00000nam a22000007i 4500
001 IT\ICCU\UBO\3514576
003 ItRI
005 20260115232121.0
008 081030s2008 it |||||| ||||| |||||c
020 |a 9788860734112 
040 |b ita  |c importazione bologna sebina 
041 7 |a ita  |2 ISO-639-2 
082 |a 813  |9 Narrativa americana in lingua inglese  |2 22 
100 1 |a Kilmer-Purcell, Josh  |0 IT\ICCU\UBOV\275521  |4 aut 
240 1 0 |a I am not myself these days  |3 IT\ICCU\UBO\3514606 
245 1 0 |a In questi giorni sono fuori di me :  |b memoir /  |c Josh Kilmer-Purcell ; traduzione di Flavio Santi. 
260 |a Milano :  |b Baldini Castoldi,  |c [2008] 
300 |a 249 p. ;  |c 22 cm. 
700 1 |a Santi, Flavio,  |d  (1973- )  |0 IT\ICCU\MILV\201899 
830 0 |a Icone ;  |v 13  |0 IT\ICCU\LO1\1178415 
942 |2 ddc  |c BK  |n 0 
952 |0 0  |1 0  |4 0  |6 DOC_813_600000000000000_KIL  |7 0  |9 20333  |a BO  |b BO  |d 2026-01-15  |i 13044  |l 0  |o DOC 813.6 KIL  |p BO13044  |r 2026-01-15 23:21:21  |w 2026-01-15  |x [Sebina 5] [1 v.]  |y BK  |z 1 v. 
999 |c 17349  |d 17349